Normal view
MARC view
Entry Nombre personal
001 - NÚMERO DE CONTROL
- campo de control: 228890
003 - IDENTIFICADOR DE NÚMERO DE CONTROL
- campo de control: ES-MaACL
005 - FECHA Y HORA DE LA ÚLTIMA TRANSACCIÓN
- campo de control: 20230706130241.0
008 - ELEMENTOS DE DATO DE LONGITUD-FIJA
- campo de control de longitud fija: 230706|| aca||aabn | a|a d
040 ## - FUENTE DE CATALOGACIÓN
- Centro catalogador/agencia de origen: ES-MaACL
- Centro/agencia transcriptor: ES-MaACL
100 ## - ENCABEZAMIENTO-NOMBRE DE PERSONA
- Nombre de persona: Abad Carballo, Luis
670 ## - FUENTE DE DATOS ENCONTRADOS
- Cita de la fuente: Work cat.: (ES-MaACL)19509: Abad Carballo, Luis, Contestaciones a los temas de organización administrativa para ingreso como Agentes de Investigación Aduanera / , [1982] (
